000 00809nam a2200253Ia 4500
003 OSt
005 20220923220355.0
006 a|||||r|||| 00| 0
007 ta
008 220922b |||||||| |||| 00| 0 hin d
024 _a186,232
037 _cTextual
040 _aARTS
_cARTS
_bhin
041 _2hin
_ahin
082 _aY738.2'N7, 152M3
100 _aशर्मा, श्रीराम
_9156279
245 0 _aबनजारा समाज
246 _aBanajārā samāja
260 _aहैदराबाद
_b दक्षिण प्रकाशन
_c1983
300 _a376 पृ.
_ccm.
650 _aभारतीय-लोक साहित्य
942 _hY738.2'N7, 152M3
_cTEXL
_2CC
999 _c339477
_d339477